000 00474nam a2200145Ia 4500
008 240729s9999 xx 000 0 und d
022 _a2617-6149
245 0 _aUkrainian Journal of Veterinary and Agricultural Sciences
260 _aUkraine
260 _bStepan Gzhytskyi National University of Veterinary Medicine and Biotechnologies Lviv
650 _aAgriculture
856 _uhttps://doaj.org/toc/a524896307b549729cbe41b6e487ffc0
942 _2ddc
942 _cDOAJEJ
999 _c70849
_d70849
945 _a1
_bMadushi Gamage
_c1
_dMadushi Gamage